| 000 | 00782cam a22001935a 4500 | ||
|---|---|---|---|
| 001 | L155469 | ||
| 008 | 120326s1801 xxk f 000 0 eng d | ||
| 035 | _a(Sirsi) u155469 | ||
| 041 | 0 | _aeng | |
| 100 | 1 | _aHewlings, Edward | |
| 245 | 0 | 0 | _aDescription and requisite tables for an instrument called the land-surveyor, invented by Edward Hewlings, .. |
| 260 |
_aLondon _bprinted, at the Oriental Press, by Wilson & Co. for J. Booth _c1801 |
||
| 300 |
_a28, [40] p. _c27cm. _c4o |
||
| 520 | _aSome of the tables at end of text are printed on one side of the page only. - p.1-28 and tables I-VIII are printed on pages of variant height. | ||
| 583 |
_aCondition reviewed _c20120620 _lcondition level 2 |
||
| 651 | 4 |
_aGreat Britain _y1707- |
|
| 690 |
_aMeasurement _96256 |
||
| 942 | _n0 | ||
| 999 |
_c113582 _d113582 |
||